Excel models for business and operations management

Αποθηκεύτηκε σε:
Λεπτομέρειες βιβλιογραφικής εγγραφής
Κύριος συγγραφέας: Barlow, John F.
Μορφή: Βιβλίο
Γλώσσα:English
Δημοσίευση: Chichester : John Wiley & Sons, c1999
Θέματα:
Ετικέτες: Προσθήκη ετικέτας
Δεν υπάρχουν, Καταχωρήστε ετικέτα πρώτοι!

MARC

LEADER 00000nam a2200000 i 4500
001 1/43128
008 031024s1999 eng d
020 |a 0-471-98350-0 
035 |l 10071293 
040 |a GR-MY-UA  |b gre  |e aacr 
041 0 |a eng 
082 0 |a 005.369 
100 1 |a Barlow, John F. 
245 1 0 |a Excel models for business and operations management /  |c John F. Barlow 
260 |a Chichester :   |b John Wiley & Sons,   |c c1999 
300 |a xiii, 375 p.;  |b ill.;  |c 24 cm.+  |e 1 computer disk (3 1/2 in.) 
504 |a Includes bibliographical references and index 
630 0 0 |a Microsoft Excel (Computer file) 
650 0 0 |a Business  |x Decision making  |x Mathematical models  |x Computer programs. 
650 0 0 |a Business  |x Mathematical models  |x Computer programs. 
852 |a INST  |b SAMOS  |e 20031024  |h 005.369 BAR  |p 005300023780  |q 005300023780  |t BK  |y 0 
852 |a INST  |b SAMOS  |e 20031024  |h 005.369 BAR   |p 005300023781  |q 005300023781  |t BK  |y 0 
901 |a BIBL3-2003-3 
909 |a Σ  |b 099270 
909 |a Σ  |b 099271 
922 |a 3ΕΛΗ  |b 200008  |c ΤΠΕΣ/ΠΟΛ2  |d LEADER 
970 |a ΠΟΥΡΝΑΡΑΣ  |b ΔΗΜΗΤΡΗΣ  |z 2003/10/24